Central Library OPAC University of Rajshahi

Thermodynamics and statistical mechanics / (Record no. 71845)

MARC details
000 -LEADER
fixed length control field 00818nam a2200253 a 4500
001 - CONTROL NUMBER
control field 71845
003 - CONTROL NUMBER IDENTIFIER
rucl marc code BD-RjUL
005 - DATE AND TIME OF LATEST TRANSACTION
control field 20211209082152.0
008 - FIXED-LENGTH DATA ELEMENTS--GENERAL INFORMATION
fixed length control field 170508s1952 nyua 001 0 enged
035 ## - SYSTEM CONTROL NUMBER
System control number (BD-RjUL)72061
040 ## - CATALOGING SOURCE
Original cataloging agency DLC
Transcribing agency WSU
Modifying agency BD-RjUL
Language of cataloging eng
041 ## - LANGUAGE CODE
Language code of text/sound track or separate title eng
082 04 - DEWEY DECIMAL CLASSIFICATION NUMBER
Edition number 23
Classification number 536.7
Author mark and year ALT 1952
100 1# - MAIN ENTRY--PERSONAL NAME
Personal name Allis, William P.
9 (RLIN) 27437
245 10 - TITLE STATEMENT
Title Thermodynamics and statistical mechanics /
Statement of responsibility, etc. William P. Allis; Melvin A. Herlin
260 ## - PUBLICATION, DISTRIBUTION, ETC. (IMPRINT)
Place of publication, distribution, etc. New York :
Name of publisher, distributor, etc. McGraw-Hill,
Date of publication, distribution, etc. 1952.
300 ## - PHYSICAL DESCRIPTION
Pagination vii, 239 p. :
Illustrations ill. ;
Size 24 cm.
490 1# - SERIES STATEMENT
Series statement International series in pure and applied physics
500 ## - GENERAL NOTE
General note Includes index.
650 ## - SUBJECT ADDED ENTRY--TOPICAL TERM
Topical term or geographic name as entry element Statistical thermodynamics
9 (RLIN) 212712
700 1# - ADDED ENTRY--PERSONAL NAME
Personal name Herlin, Melvin A.
830 #0 - SERIES ADDED ENTRY--UNIFORM TITLE
Uniform title International series in pure and applied physics.
942 ## - ADDED ENTRY ELEMENTS (KOHA)
Source of classification or shelving scheme Dewey Decimal Classification
Koha item type Books
Holdings
Lost status Source of classification or shelving scheme Damaged status Not for loan Collection code Permanent Location Current Location Shelving location Date acquired Source of acquisition Cost, normal purchase price Total Checkouts Full call number Date last seen Copy number Koha item type
  Dewey Decimal Classification   Not For Loan Non-fiction Central Library, University of Rajshahi Central Library, University of Rajshahi Reading Room 09/12/2021 Magrow Hill Book 16.20   536.7 ALT 1952 08/05/2017 C-1 Books
  Dewey Decimal Classification     Non-fiction Central Library, University of Rajshahi Central Library, University of Rajshahi   09/12/2021 Sweets & Zeithinger 68.00   536.7 ALT 1952 08/05/2017 C-2 Books
  Dewey Decimal Classification     Non-fiction Central Library, University of Rajshahi Central Library, University of Rajshahi   09/12/2021 Sweets & Zeithinger 68.00   536.7 ALT 1952 08/05/2017 C-3 Books
  Dewey Decimal Classification     Non-fiction Central Library, University of Rajshahi Central Library, University of Rajshahi   09/12/2021 Sweets & Zeithinger 68.00   536.7 ALT 1952 13/05/2017 C-4 Books
  Dewey Decimal Classification     Non-fiction Central Library, University of Rajshahi Central Library, University of Rajshahi   09/12/2021 Sweets & Zeithinger 68.00   536.7 ALT 1952 13/05/2017 C-5 Books
  Dewey Decimal Classification     Non-fiction Central Library, University of Rajshahi Central Library, University of Rajshahi   09/12/2021 Zeithinger 58.00   536.7 ALT 1952 13/05/2017 C-6 Books
  Dewey Decimal Classification     Non-fiction Central Library, University of Rajshahi Central Library, University of Rajshahi   09/12/2021 Sweets & Zeithinger 68.00   536.7 ALT 1952 13/05/2017 C-7 Books